Poesies / (Record no. 135612)

MARC details
000 -LEADER
campo de control de longitud fija 00677nam a2200229 i 4500
001 - NÚMERO DE CONTROL
campo de control 135612
003 - IDENTIFICADOR DE NÚMERO DE CONTROL
campo de control ES-MaACL
005 - FECHA Y HORA DE LA ÚLTIMA TRANSACCIÓN
campo de control 20240430132831.0
007 - CAMPO FIJO DE DESCRIPCIÓN FÍSICA--INFORMACIÓN GENERAL
campo de control de longitud fija t|
008 - DATOS DE LONGITUD FIJA--INFORMACIÓN GENERAL
campo de control de longitud fija 070720s1977 sp ||||1| cat d
080 ## - NÚMERO DE LA CLASIFICACIÓN DECIMAL UNIVERSAL
Número de la Clasificación Decimal Universal 849.9-14"19"
100 0# - ENTRADA PRINCIPAL--NOMBRE DE PERSONA
Nombre de persona Torres, Màrius.
9 (RLIN) 110907
245 10 - MENCIÓN DEL TÍTULO
Título Poesies /
Mención de responsabilidad, etc. Máarius Torres ; práolrg de Pere Gimferrer.
250 ## - MENCION DE EDICION
Mención de edición [5ª ed.].
260 ## - PUBLICACIÓN, DISTRIBUCIÓN, ETC.
Lugar de publicación, distribución, etc. Barcelona :
Nombre del editor, distribuidor, etc. Ariel,
Fecha de publicación, distribución, etc. [1977]
300 ## - DESCRIPCIÓN FÍSICA
Extensión 318 p., 4 h. ;
Dimensiones 20 cm.
490 1# - MENCIÓN DE SERIE
Mención de serie Clásicos Catalans Ariel ;
Designación de volumen o secuencia 3
700 0# - ENTRADA AGREGADA--NOMBRE PERSONAL
Nombre de persona Gimferrer, Pere,
Fechas asociadas al nombre 1945-
9 (RLIN) 57102
830 0# - PUNTO DE ACCESO ADICIONAL DE SERIE-TÍTULO UNIFORME
Título uniforme Clásicos Catalans Ariel ;
Designación de volumen o secuencia 3
9 (RLIN) 219931
852 ## - LOCALIZACIÓN
Ubicación ES-MaACL
Número de control de estantería A-7237
Sublocalización o colección R.96251
Holdings
Estatus retirado Estado de pérdida Estado de daño No para préstamo Biblioteca de origen Biblioteca actual Ubicación en estantería Fecha de adquisición Fuente de adquisición Total de préstamos Signatura topográfica completa Código de barras Visto por última vez Precio de reemplazo Tipo de ítem Koha
        Biblioteca del Ateneo de Madrid Biblioteca del Ateneo de Madrid Sala Pecera Planta 1 17/01/2008     A-7237 1141140 23/02/2023 23/02/2023 Libro impreso